| 000 | 01838cam a22004697a 4500 | ||
|---|---|---|---|
| 003 | CHAP | ||
| 005 | 20220817043950.0 | ||
| 008 | 041019d2003 mx a r 00110 spa d | ||
| 010 | _a88942 | ||
| 011 | _a89914 | ||
| 020 | _a9688849995 | ||
| 035 | _a100466 | ||
| 040 | _cCHAP | ||
| 090 | _aFolleto 16821 | ||
| 100 | 0 | 0 |
_aGil Vázquez, Isaías. _947959 |
| 245 | 1 | 0 |
_aProducción de jitomate en hidroponia bajo invernadero _c/por Isaías Gil Vázquez, Felipe Sánchez del Castillo e Ignacio Miranda Velázquez |
| 260 |
_aChapingo, Méx. : _bUACH. Departamento de Preparatoria Agrícola, _c2003. |
||
| 300 |
_a90 p. : _bilus. |
||
| 410 | 0 | 0 | _aUACH. Departamento de Preparatoria Agrícola |
| 490 | 0 | _aSerie de publicaciones AGRIBOT | |
| 590 |
_aBATCH-UPD _b10 _c20130110 _lUCH01 _h0043 |
||
| 590 |
_aBATCH-UPD _b10 _c20130110 _lUCH01 _h0622 |
||
| 590 |
_aBATCH-UPD _b10 _c20130409 _lUCH01 _h2029 |
||
| 590 |
_aBATCH-UPD _b10 _c20130410 _lUCH01 _h0410 |
||
| 590 |
_aBATCH-UPD _b10 _c20130914 _lUCH01 _h1130 |
||
| 590 |
_aCONVERSION _b10 _c20130109 _lUCH01 _h1349 |
||
| 650 | 1 | 4 |
_aCultivos en invernadero. _930376 |
| 650 | 1 | 4 |
_aHidroponía. _955280 |
| 650 | 1 | 4 |
_aTomate _xRendimiento. _9113761 |
| 700 | 0 | 0 | _aMiranda Velázquez, Ignacio. |
| 700 | 0 | 0 |
_aSánchez del Castillo, Felipe. _9107463 |
| 810 | 0 | 0 | _aUACH. Departamento de Preparatoria Agrícola |
| 830 | 0 | 0 |
_aSerie de publicaciones AGRIBOT _9104775 |
| 901 | _aBK | ||
| 905 | _aAlejandra Carrasco M. | ||
| 942 | _cFOLL | ||
| 949 |
_aFolleto 16821 _bBC _cFOLL _d1004661 _eTS1 _i100466 _sb |
||
| 949 |
_aFolleto 16821 _bBC _cFOLL _d33724000983953 _eTS2 _fc.5 _i100466 _st |
||
| 949 |
_aFolleto 16821 _bBC _cFOLL _d33724000984019 _eTS2 _fc.4 _i100466 _st |
||
| 949 |
_aFolleto 16821 _bBC _cFOLL _d33724002165199 _eTS2 _fc.2 _i100466 _si |
||
| 949 |
_aFolleto 16821 _bBC _cUACH _d1004663 _eUACH _fc.3 _i100466 _sb |
||
| 999 |
_c88942 _d88942 |
||